Badanie statystyczne i szeregi statystyczne - Statystyki

Ogólne statystyki
  • Ten quiz został rozwiązany 81 razy
    16 od ostatniego zresetowania
  • Średni wynik to 8 z 17
Statystyki odpowiedzi
Podpowiedź Odpowiedź % Poprawnych
Gromadzenie, analiza i interpretacja danych Statystyka
100%
Element zbiorowości statystycznej mający te same cechy stałe Jednostka statystyczna
80%
Szereg którego podstawą jest zmiana zjawiska w czasie Szereg czasowy
80%
Zbiór nieidentycznych jednostek, podobnych pod względem określonych cech i różniących się z uwagi na inne Zbiorowość statystyczna
80%
4. etap badania statystycznego Analiza statystyczna
60%
Cecha która może przyjmować każdą wartość z określonego skończonego przedziału liczbowego Cecha ciągła
60%
Cecha która może być wyrażona jedynie liczbami zmieniającymi się skokami, bez wartości pośrednich Cecha skokowa
60%
Nazwisko prowadzącego Stawiarski
60%
Cecha jakościowa która przyjmuje wyłącznie dwie wartości Cecha dychotomiczna, Cecha dwudzielna
40%
Cecha której nie da się zmierzyć przy pomocy liczb i można je wyrazić tylko słownie Cecha niemierzalna, Cecha jakościowa
40%
Cecha której warianty określone słownie dają się ustawić w pewnej kolejności (uporządkować) Cecha porządkowa
40%
Szereg prezentujący terytorialne rozmieszczenie lub natężenie badanych wielkości statystycznych Szereg przestrzenny, Szereg geograficzny
40%
Cecha jakościowa która przyjmuje więcej niż dwie wartości Cecha polichotomiczna, Cecha wielodzielna
20%
3. etap badania statystycznego Opracowanie zebranego materiału statystycznego
20%
Zbiór wszystkich jednostek statystycznych Populacja generalna
20%
2. etap badania statystycznego Przeprowadzenie badania
20%
1. etap badania statystycznego Przygotowanie badania
20%
Nie znaleziono quizów pasujących do podanych kryteriów
Rozkład punktacji
Procent ludzi z każdym wynikiem
Percentyl według liczby udzielonych odpowiedzi
Twoja historia wyników
Nie rozwiązałeś tego quizu od ostatniego zresetowania